Statistics for Steven Universe Episodes

Click here to take the quiz!

General Stats

  • This quiz has been taken 14 times
  • The average score is 37 of 176

Answer Stats

SeasonAnswer% Correct
Pilot (2013)Steven Universe
75%
Alone Together
63%
A Single Pale Rose
63%
Change Your Mind
63%
I Am My Mom
63%
Jail Break
63%
Mirror Gem
63%
Reunited
63%
The Trial
63%
The Zoo
63%
Together Alone
63%
Are You My Dad?
50%
Frybo
50%
Season 1 (2013-2015)Gem Glow
50%
Giant Woman
50%
Lars and the Cool Kids
50%
Mr. Greg
50%
Ocean Gem
50%
Off Colors
50%
Movie (2019)Steven Universe: The Movie
50%
That Will Be All
50%
Back to the Moon
38%
Barn Mates
38%
Beach City Drift
38%
Beta
38%
Bubbled
38%
Cat Fingers
38%
Cheeseburger Backpack
38%
Earthlings
38%
Escapism
38%
Familiar
38%
Fusion Cuisine
38%
Gem Harvest
38%
Hit the Diamond
38%
Jungle Moon
38%
Season 4 (2016-2017)Kindergarten Kid
38%
Lars of the Stars
38%
Laser Light Cannon
38%
Log Date 7 15 2
38%
Nightmare Hospital
38%
Rose Buds
38%
Steven the Sword Fighter
38%
Season 3 (2016)Super Watermelon Island
38%
Sworn to the Sword
38%
The Future
38%
The Question
38%
The Return
38%
The Test
38%
Together Breakfast
38%
Alone at Sea
25%
Arcade Mania
25%
Bismuth
25%
Bubble Buddies
25%
Future Boy Zoltron
25%
Gemcation
25%
Gem Drill
25%
Joy Ride
25%
Kevin Party
25%
Know Your Fusion
25%
Lars' Head
25%
Last One Out of Beach City
25%
Legs From Here to Homeworld
25%
Lion 3: Straight to Video
25%
Maximum Capacity
25%
Message Received
25%
Mindful Education
25%
Now We're Only Falling Apart
25%
Onion Friend
25%
Restaurant Wars
25%
Room for Ruby
25%
Rose's Room
25%
Rose's Scabbard
25%
Sadie Killer
25%
Serious Steven
25%
So Many Birthdays
25%
Steven and the Stevens
25%
Steven's Lion
25%
Story for Steven
25%
The Answer
25%
The Message
25%
Watermelon Steven
25%
Your Mother and Mine
25%
Adventures in Light Distortion
13%
Back to the Barn
13%
Back to the Kindergarten
13%
Beach Party
13%
Bluebird
13%
Buddy's Book
13%
Can't Go Back
13%
Catch and Release
13%
Chille Tid
13%
Coach Steven
13%
Cry for Help
13%
Doug Out
13%
Friend Ship
13%
Season 2 (2015-2016)Full Disclosure
13%
Future Vision
13%
Garnet's Universe
13%
Growing Pains
13%
Homeworld Bound
13%
House Guest
13%
I Am My Monster
13%
Island Adventure
13%
It Could've Been Great
13%
Keep Beach City Weird
13%
Kiki's Pizza Delivery Service
13%
Lion 2: The Movie
13%
Lion 4: Alternate Ending
13%
Steven Universe Future (2019-2020)Little Homeschool
13%
Made of Honor
13%
Monster Buddies
13%
Monster Reunion
13%
Onion Gang
13%
Onion Trade
13%
On the Run
13%
Rising Tides, Crashing Skies
13%
Rocknaldo
13%
Sadie's Song
13%
Say Uncle
13%
Secret Team
13%
Shirt Club
13%
Space Race
13%
Steven's Birthday
13%
Steven's Dream
13%
Steven vs. Amethyst
13%
Storm in the Room
13%
Season 5 (2017-2018)Stuck Together
13%
The Good Lars
13%
Three Gems and a Baby
13%
Tiger Millionaire
13%
Tiger Philanthropist
13%
An Indirect Kiss
0%
A Very Special Episode
0%
Bismuth Casual
0%
Crack the Whip
0%
Dewey Wins
0%
Drop Beat Dad
0%
Everything's Fine
0%
Fragments
0%
Gem Heist
0%
Gem Hunt
0%
Greg the Babysitter
0%
Guidance
0%
Historical Friction
0%
Horror Club
0%
In Dreams
0%
Joking Victim
0%
Keeping It Together
0%
Keystone Motel
0%
Letters to Lars
0%
Little Graduation
0%
Love Letters
0%
Marble Madness
0%
Mr. Universe
0%
Open Book
0%
Political Power
0%
Pool Hopping
0%
Prickly Pair
0%
Raising the Barn
0%
Reformed
0%
Same Old World
0%
Snow Day
0%
Steven Floats
0%
The Big Show
0%
The New Crystal Gems
0%
Season 3 (cont.)The New Lars
0%
Together Forever
0%
Too Far
0%
Too Short to Ride
0%
Volleyball
0%
Warp Tour
0%
We Need to Talk
0%
What's Your Problem?
0%
When it Rains
0%
Why So Blue?
0%
Winter Forecast
0%

Score Distribution

Percentile by Number Answered

Percent of People with Each Score

Your Score History

You have not taken this quiz